1915 1337 1600 1453 1281 1000 1034 1922 1262 1477 1091 1052 1071 1650 1196 1603 1046 1566 1543 1423 1462 1521 1670 1131 1955 1575 1964 1285 1417 1163 1045 1724 1706 1739 1308 1074 1585 1265 1038 1186 1004 1039 1388 1002 1259 1418 1933 1396 1431 1888 1296 1509 1557 1135 1170 1588 1082 1142 1952 1275 1310 1515 1835 1882 1045 1005 1730 1222 1289 1881 1679 1635 1095 1232 1922 1256 1200 1475 1682 1302 1125 1069 1823 1141 1650 1573 1491 1090 1986 1632 1830 1140 1660 1066 1973 1070 1677 1953 1431 BCNSPRNW ULIB Ver.6.0+V

เปลี่ยนเป็นภาษาไทย

Change to English
 แสดงรายละเอียดบรรณานุกรม
  กลับหน้าหลัก

Brief Record : Get Marc (ISO 2709) : E-mail record : QR code < ปิดหน้าต่าง
LEADER : 00000nam 2200000uu 4500
001    13399127770
003     ULIB
008    210824s2563||||th 000 0 tha d
020    ^a9786161144494
060 04 ^aQT4^bส356^cล.2
245 00 ^aสรีรวิทยา.^nล.2 /^cรัชฎา แก่นสาร์ ... [และคนอื่นๆ]
250    ^aพิมพ์ครั้งที่ 1 (ฉบับปรับปรุงใหม่)
260    ^aกรุงเทพฯ :^bโครงการสวัสดิการวิชาการ สถาบันพระบรมราชชนกกระทรวงสาธารณสุข,^c2563.
300    ^a414 หน้า :^bภาพประกอบ ;^c27 ซม.
650  4 ^aสรีรวิทยา
650  4 ^aสรีรวิทยามนุษย์
700 0  ^aรัชฎา แก่นสาร์
710 2  ^aสถาบันพระบรมราชชนก.^bโครงการสวัสดิการวิชาการ
945    ^p350^l0^i008101
945    ^p350^l0^i008102
945    ^p350^l0^i008103
945    ^p350^l0^i010491
945    ^p350^l0^i010492
945    ^p350^l0^i010493
945    ^p350^l0^i010494
945    ^p350^l0^i010495
999    ^aประนอม เกษจรัล
รายการนี้ยังไม่มีแท็ก
คุณยังไม่ได้ล็อกอิน คุณสามารถมีกิจกรรมร่วมกับเว็บไซต์ได้ แต่ต้องล็อกอินก่อน ::
  ล็อกอิน

รายการสื่อสารสนเทศ

ลำดับที่ ประเภท เลขเรียก/บาร์โค้ด สถานที่ สถานะ
1. วิทยาศาสตร์การแพทย์ และสุขภาพ
หนังสือสำรอง
สถานะ=หนังสือสำรอง
QT4 ส356 ล.2 ฉ.1 
  Barcode: 008101
ห้องสมุดวิทยาเขตสวรรค์ประชารักษ์
►หนังสือทั่วไป
บนชั้น
2. วิทยาศาสตร์การแพทย์ และสุขภาพ
วิทยาศาสตร์การแพทย์ และสุขภาพ
QT4 ส356 ล.2 ฉ.2 
  Barcode: 008102
ห้องสมุดวิทยาเขตสวรรค์ประชารักษ์
►หนังสือทั่วไป
บนชั้น
3. วิทยาศาสตร์การแพทย์ และสุขภาพ
วิทยาศาสตร์การแพทย์ และสุขภาพ
QT4 ส356 ล.2 ฉ.3 
  Barcode: 008103
ห้องสมุดวิทยาเขตสวรรค์ประชารักษ์
►หนังสือทั่วไป
บนชั้น
4. วิทยาศาสตร์การแพทย์ และสุขภาพ
วิทยาศาสตร์การแพทย์ และสุขภาพ
QT4 ส356 ล.2 ฉ.4 
  Barcode: 010491
ห้องสมุดวิทยาเขตสวรรค์ประชารักษ์
►หนังสือทั่วไป
บนชั้น
5. วิทยาศาสตร์การแพทย์ และสุขภาพ
วิทยาศาสตร์การแพทย์ และสุขภาพ
QT4 ส356 ล.2 ฉ.5 
  Barcode: 010492
ห้องสมุดวิทยาเขตสวรรค์ประชารักษ์
►หนังสือทั่วไป
บนชั้น
6. วิทยาศาสตร์การแพทย์ และสุขภาพ
วิทยาศาสตร์การแพทย์ และสุขภาพ
QT4 ส356 ล.2 ฉ.6 
  Barcode: 010493
ห้องสมุดวิทยาเขตสวรรค์ประชารักษ์
►หนังสือทั่วไป
บนชั้น
7. วิทยาศาสตร์การแพทย์ และสุขภาพ
วิทยาศาสตร์การแพทย์ และสุขภาพ
QT4 ส356 ล.2 ฉ.7 
  Barcode: 010494
ห้องสมุดวิทยาเขตสวรรค์ประชารักษ์
►หนังสือทั่วไป
บนชั้น
8. วิทยาศาสตร์การแพทย์ และสุขภาพ
วิทยาศาสตร์การแพทย์ และสุขภาพ
QT4 ส356 ล.2 ฉ.8 
  Barcode: 010495
ห้องสมุดวิทยาเขตสวรรค์ประชารักษ์
►หนังสือทั่วไป
บนชั้น

รายการใกล้เคียง
    หัวเรื่อง [สรีรวิทยา]
    หัวเรื่อง [สรีรวิทยามนุษย์]

BibComment


ยังไม่เคยถูกคอมเมนท์

คอมเมนท์ทรัพยากรรายการนี้
  คอมเมนท์: สรีรวิทยา ล2 รั..


 Copyright 2026. Bcnsprnw @Library